[Event "Club Championships, B Grade"]
[Site "Wellington Chess Club"]
[Date "2018.10.25"]
[Round "6.2"]
[White "Benitez, Edgar"]
[Black "Aldridge, Alan"]
[Result "1-0"]
[WhiteElo "2006"]
[BlackElo "1892"]

1. d4 Nf6 2. c4 e6 3. Nf3 Bb4+ 4. Bd2 Qe7 5. Nc3 O-O 6. e3 Bxc3 7. Bxc3 Ne4 8.
Qc2 f5 9. Bd3 Nxc3 10. Qxc3 b6 11. O-O-O Nc6 12. a3 d6 13. h4 Bb7 14. Bc2 a5
15. Bb3 a4 16. Ba2 Na5 17. Kb1 Bxf3 18. gxf3 c5 19. dxc5 dxc5 20. Rhg1 Rfd8 21.
Qe5 Nc6 22. Qg3 Rxd1+ 23. Rxd1 Rd8 24. Kc2 Qf6 25. Rd6 f4 26. Rxd8+ Nxd8 27.
Qxf4 Qxf4 28. exf4 Kf7 29. h5 Nc6 30. Kd3 Nd4 31. Ke4 Kf6 32. Bb1 Nf5 33. Bc2
h6 34. Bxa4 Ng3+ $4 35. fxg3 1-0

[Event "Club Championships, B Grade"]
[Site "Wellington Chess Club"]
[Date "2018.10.30"]
[Round "7.2"]
[White "Winfield, Alan"]
[Black "Lyall, Gordon"]
[Result "1/2-1/2"]
[WhiteElo "1957"]
[BlackElo "1854"]

{[%evp 14,117,-45,-45,-11,-11,-11,-37,-27,-41,-39,-41,-39,-39,-44,-45,-38,-67,
-55,-69,-55,-57,-43,-66,-60,-68,-68,-86,-67,-100,-97,-163,-144,-146,-102,-100,
-94,-130,-126,-136,-137,-163,-64,-63,-63,-90,-88,-166,-166,-167,-164,-165,-161,
-167,-166,-167,-148,-163,-155,-156,-158,-166,-140,-155,-140,-145,-146,-166,
-121,-146,-123,-123,-122,-122,-122,-122,-122,-126,-122,-122,-122,-122,-122,
-122,-122,-99,-122,-122,-122,-122,0,0,0,0,0,-7,0,0,0,0,0,-4,-4,-2,-5,-4]} 1. d4
Nf6 2. Bf4 d5 3. e3 c5 4. c3 Nc6 5. Bd3 (5. Nd2 Bf5 6. Ngf3 e6 7. Nh4 Be4 8.
Nhf3 Bf5 9. Nh4 Be4 10. Qb3 Qc8 11. Nhf3 Bf5 12. Be2 Be7 13. O-O O-O 14. h3 h6
15. Rfe1 c4 16. Qd1 b5 {1-0 (66) Grachev,B (2626)-Najer,E (2663) Moscow 2018} )
5... Qb6 6. Qb3 {D00: 1 d4 d5: Unusual lines} 6... c4 7. Qxb6 axb6 8. Bc2
{LiveBook: 3 Games. Black is slightly better.} 8... Nh5 9. Bc7 b5 (
{Predecessor:} 9... Ra6 10. b4 Kd7 11. Bg3 b5 12. Nf3 f6 {0-1 (69) Jevtic,M
(2057)-Pastar,S (2195) Novi Sad 2016} ) 10. h3 e6 11. b4 cxb3 12. Bxb3 Na5 13.
Bxa5 Rxa5 14. Nd2 Nf6 15. f3 Ba3 16. Rb1 O-O 17. Ne2 Re8 18. f4 Bd7 19. g4 Rc8
20. g5 {[#]} 20... Ne8 $1 21. e4 dxe4 22. Bc2 (22. Nxe4 $17 Bc6 23. N2g3) 22...
Bc6 23. Bxe4 Nd6 ( { Better is} 23... Be7 24. Bxc6 bxc6) 24. Bxc6 $17 bxc6 25.
Rh2 Ra4 26. Rb3 Rca8 27. Kd1 Nc4 (27... Nf5 $19 {Hoping for ...Bd6.} 28. Ne4
Ne3+ 29. Ke1 Nd5) 28. Nxc4 $15 Rxc4 29. Kc2 Bd6 30. Kb2 (30. Kb1 $17 {might
work better.} ) 30... Rca4 $19 {...Bxf4! is the strong threat.} 31. a3 Bxa3+
32. Kc2 Bd6 33. Rh1 Ra2+ 34. Rb2 Ra1 35. Rhb1 Rxb1 36. Rxb1 {[%mdl 4096]
Endgame KRB-KRN} 36... Ra2+ 37. Kd3 Kf8 38. Re1 Ra3 39. h4 g6 40. Rb1 b4 (40...
Kg7 $19 41. Ke4 h5) 41. Rc1 bxc3 42. Rxc3 Rxc3+ 43. Kxc3 $17 {KB-KN} 43... c5
44. Kc4 cxd4 45. Kxd4 Ke7 46. Ke4 Bc5 47. Kf3 Kd6 48. Ng3 Bd4 49. Ne2 Kd5 50.
Ng3 Bg7 51. h5 h6 (51... Bb2 $17 {aiming for ...e5.} 52. Kg4 e5 53. fxe5 Bxe5)
52. hxg6 $11 {The position is equal.} 52... fxg6 {[#] Threatens to win with
...hxg5.} 53. gxh6 Bxh6 54. Ne4 e5 55. fxe5 Kxe5 56. Nf2 Kf5 57. Nh3 Bc1 58.
Kg3 Be3 59. Kf3 {Accuracy: White = 42%, Black = 46%.} 1/2-1/2

[Event "Club Championships, B Grade"]
[Site "Wellington Chess Club"]
[Date "2018.11.01"]
[Round "7.2"]
[White "Aldridge, Alan"]
[Black "Rossiter, Philip"]
[Result "0-1"]
[WhiteElo "1892"]
[BlackElo "1947"]

1. b3 b6 2. e4 Bb7 3. Nc3 c5 4. Bb2 Nc6 5. Nf3 e6 6. a3 Be7 7. Bd3 d6 8. Qe2
Nf6 9. O-O O-O 10. Nd1 Nd7 11. Ne3 Bf6 12. c3 Nde5 13. Nxe5 Nxe5 14. Bc2 a5 15.
f4 Ba6 16. d3 Ng6 17. Ng4 e5 18. c4 Nxf4 19. Rxf4 exf4 20. Bxf6 gxf6 21. Rf1 f5
22. Nh6+ Kh8 23. Qh5 Qf6 24. exf5 Rae8 25. Bd1 Qd4+ 26. Kh1 Qxd3 27. Rg1 Bb7
28. Nxf7+ Rxf7 29. Qxf7 Bxg2+ 30. Rxg2 Qxd1+ 31. Rg1 Qf3+ 0-1

[Event "Club Championships, B Grade"]
[Site "Wellington Chess Club"]
[Date "2018.11.01"]
[Round "7.2"]
[White "Benitez, Edgar"]
[Black "Mullan, Brett"]
[Result "1/2-1/2"]
[WhiteElo "2006"]
[BlackElo "1923"]

1. d4 Nf6 2. c4 e6 3. Nf3 b6 4. Nc3 Bb7 5. a3 h6 6. e3 Be7 7. Bd3 d5 8. O-O O-O
9. Ne5 Nbd7 10. f4 c5 11. Qe2 Ne4 12. Rd1 Nxc3 13. bxc3 Nf6 14. Bb2 Qc7 15.
Rac1 Rac8 16. cxd5 exd5 17. c4 Qd6 18. Bf5 Rc7 19. dxc5 Rxc5 20. Bc3 a5 21. Bd4
Rc7 22. Qb2 Qxa3 23. Qxb6 Qd6 24. Qxa5 Ra8 25. Qd2 dxc4 26. Rxc4 Rxc4 27. Nxc4
Qa6 28. Nb6 Rd8 29. Qb2 Qa3 30. Qxa3 Bxa3 31. Ra1 Bb4 32. Ra7 Be4 33. Bxe4 Nxe4
34. g4 Nc5 35. Kf2 Ne6 36. Rd7 Rxd7 37. Nxd7 Nxd4 38. exd4 f6 39. Nb6 Kf7 40.
f5 g6 41. Kf3 Bd6 42. fxg6+ Kxg6 43. h3 f5 44. Nc4 fxg4+ 45. hxg4 Bc7 46. d5
Kf6 47. Ke4 Bg3 48. Kf3 Bh2 49. Ke4 Bg3 50. Ne3 Kg5 51. Kf3 Bc7 52. Ke4 h5 53.
gxh5 Kxh5 54. Kf5 Kh6 55. Kf6 Bd8+ 56. Ke6 Kg6 57. Nf5 Bc7 58. Nd6 Bb6 59. Nc8
Bc5 60. Nd6 Bb6 61. Ne4 Bc7 62. Nf6 Bf4 63. Nd7 Bc7 64. Ne5+ Kg7 65. Nf7 Bb8
66. Nd6 Kf8 67. Kd7 Ba7 68. Kc6 Bf2 69. Ne4 Bd4 70. d6 Ke8 71. Nc5 Bf6 72. Nb7
Bg5 73. d7+ Kf8 74. Kc7 Bf4+ 75. Kc8 Bg5 76. Nc5 Be7 77. Ne6+ Kf7 78. Nd8+ Kf8
79. Nc6 Bf6 80. Nd8 Ke7 1/2-1/2

[Event "Club Championships, B Grade"]
[Site "Wellington Chess Club"]
[Date "2018.11.01"]
[Round "7.2"]
[White "Jackson, Ross"]
[Black "Sole, Michael"]
[Result "1/2-1/2"]
[WhiteElo "1945"]
[BlackElo "1899"]

1. d4 Nf6 2. c4 g6 3. f3 Bg7 4. e4 O-O 5. Nh3 d6 6. Nf2 e5 7. d5 a5 8. Be2 Na6
9. O-O Nc5 10. Nd3 Nfd7 11. Nc3 f5 12. exf5 gxf5 13. Na4 b6 14. Ndxc5 bxc5 15.
Nc3 Rf7 16. Be3 Bf8 17. Qc2 Nf6 18. Bg5 Rg7 19. f4 e4 20. Nd1 Rg6 21. Ne3 h6
22. Bh4 Qe8 23. Qd1 Bg7 24. Bxf6 Rxf6 25. Bh5 Qe7 26. Kh1 Rf8 27. Rb1 Bd4 28.
Qe2 Qh4 29. Nd1 Kh8 30. g3 Qf6 31. Ne3 Rg8 32. Ng2 Bd7 33. Ne3 1/2-1/2

[Event "Club Championships, B Grade"]
[Site "Wellington Chess Club"]
[Date "2018.11.08"]
[Round "8.2"]
[White "Winfield, Alan"]
[Black "Jackson, Ross"]
[Result "0-1"]
[WhiteElo "1957"]
[BlackElo "1945"]

1. d4 Nf6 2. Nf3 d5 3. e3 Bg4 4. Bd3 Nbd7 5. Nbd2 e5 6. dxe5 Nxe5 7. Be2 Nxf3+
8. Bxf3 Bxf3 9. Qxf3 Bd6 10. b3 Be5 11. Rb1 Qd6 12. O-O Bxh2+ 13. Kh1 Be5 14.
c4 O-O 15. cxd5 Nxd5 16. g3 Nc3 17. Nc4 Qd3 18. Kg2 Bf6 19. Rb2 Qe4 20. Nd2
Qxf3+ 21. Nxf3 Rfd8 22. Rc2 c6 23. Bb2 Ne4 24. Bxf6 Nxf6 25. Nd4 Rd5 26. Rfc1
Ne8 27. b4 Nd6 28. a4 Rd8 29. f3 Nf5 30. Nxf5 Rxf5 31. e4 Re5 32. g4 h5 33. Kg3
hxg4 34. Kxg4 g6 35. Rc4 Re7 36. f4 Red7 37. f5 Kg7 38. e5 Rd4+ 39. Kg5 gxf5
40. Kxf5 Rxc4 41. Rxc4 Rd1 42. a5 Rf1+ 43. Ke4 Rh1 44. Kf5 Rh5+ 45. Ke4 Kf8 46.
a6 Rh4+ 47. Kd3 Rxc4 48. Kxc4 b6 49. Kc3 Ke7 50. Kc4 Ke6 51. Kd4 Kf5 0-1

[Event "Club Championships, B Grade"]
[Site "Wellington Chess Club"]
[Date "2018.11.15"]
[Round "9.2"]
[White "Benitez, Edgar"]
[Black "Sole, Michael"]
[Result "1-0"]
[WhiteElo "2004"]
[BlackElo "1899"]

1. e4 c5 2. c3 {(The Alapin Variation named after the Russian master Semyon
Alapin. The Alapin is considered to be one of the most solid and respectable
Anti-Sicilians.)} 2... d5 3. exd5 Qxd5 4. d4 g6 {(4...Nf6 is the preferred
move.)} 5. Nf3 Bg7 6. Be3 {(White threatens to take the c pawn......)} 6...
cxd4 7. cxd4 Nh6 $2 8. Nc3 $2 {(Done in hurry. White could have won a piece
with 8. Qc1 instead, targetting Black's bishop on c8 and the knight on h6 at
the same time.)}  (8. Qc1 Bg4 9. Bxh6 Bxf3 10. Qc8+ Qd8 11. Qxd8+ Kxd8 12. Bxg7
) 8... Qd8 9. Bd3 O-O 10. O-O Nf5 {(Trying to manuever the Knight into the
central action from the edge of the board only to be eliminated by the White
bishop.)} 11. Bxf5 Bxf5 12. h3 {(Avoiding the pin by the bishop on the
knight.)} 12... Nc6 13. Qd2 { (Connecting the rooks and the queen with the
bishop and aiming for the h6 square.)} 13... Rc8 14. Rfd1 {(Giving support to
the isolated d pawn.)} 14... b6 {(Not one of the best move. Better is Re8 or
Qc7 or even Na5.)} 15. Bh6 {(The disarming of the king's fortress begins....)}
15... Qd7 {(Too late to centralize the f8 rook.)} 16. Bxg7 Kxg7 17. d5 $1 {(A
series of pawn moves begins.)} 17... Na5 {(Another knight on the edge of the
board.)} 18. g4 $1 {(Trapping the bishop. At this point Black spends a lot of
time in the clock trying to find the counter move to save his bishop.)} 18...
Rc4 {(But alas Black didn't find the right one. Perhaps a case of Murphy's Law
applied to chess. He could have tried Nc4.)} 19. Ne5 { (forking)} 19... Qc7 20.
Nxc4 Nxc4 21. Qd4+ Ne5 22. f4 {(Pin it to win, a common chess parlance.
Otherwise, Black has threat of forking White's king and queen if given a
chance.)} 22... f6 {(What else.)} 23. fxe5 fxe5 24. Qe3 e4 {(Black is setting
up a bait, leading for him to do a pertual check and even a mate. The battle is
not won yet for White.)} 25. Rf1 (25. Nxe4 Bxe4 26. Qxe4 Qg3+ 27. Kh1 Rf2)
25... Rf6 {(Black is running out of good moves.)} 26. Rad1 {(No harm in
bringing the other rook into the fray. White is in no hurry to take the Black
bishop, as it may open his king position more. He is already a rook up anyway.
Besides if the bishop moves, there will be further reduction of forces by the
rook exchange.)} 26... h5 $2 {(Still hoping to undermine Black's open king
position, only to be met by a counter central punch.)} 27. d6 $1 {(Just in
time, leading to the exchange of more pieces. Hence Black resigns.)}  (27. d6
Rxd6 28. Rxd6 Qxd6 29. gxf5 gxf5 30. Rxf5)  (27. d6 exd6 28. Nd5 {....forking
queen and rook} ) 1-0

[Event "Club Championships, B Grade"]
[Site "Wellington Chess Club"]
[Date "2018.11.15"]
[Round "9.2"]
[White "Jackson, Ross"]
[Black "Lyall, Gordon"]
[Result "1/2-1/2"]
[WhiteElo "1945"]
[BlackElo "1854"]

1. d4 d5 2. c4 c6 3. Nf3 Nf6 4. e3 Bg4 5. h3 Bh5 6. cxd5 cxd5 7. Qa4+ Nbd7 8.
Ne5 a6 9. Nxd7 Nxd7 10. Nc3 e6 11. Bd3 Be7 12. O-O O-O 13. Ne2 Bxe2 14. Bxe2 b5
15. Qd1 Nb6 16. f3 f5 17. g4 Bh4 18. Bd2 Nc4 19. Bxc4 bxc4 20. Be1 Rb8 21. Qe2
Rb5 22. Qh2 Bxe1 23. Raxe1 Qb8 24. Re2 Qxh2+ 25. Rxh2 Rfb8 26. Rff2 Ra5 27. a3
c3 28. bxc3 Rxa3 29. Rc2 Rb1+ 30. Kf2 Rbb3 31. Rh1 Rxc3 32. Rhc1 Rxc2+ 33. Rxc2
fxg4 34. hxg4 h6 35. Rc7 Kf8 36. Ra7 a5 37. e4 dxe4 38. fxe4 Rd3 39. Rxa5 Rxd4
40. Ke3 Rd1 41. Ra7 Rf1 42. Rb7 Rf6 1/2-1/2

[Event "Club Championships, B Grade"]
[Site "Wellington Chess Club"]
[Date "2018.11.15"]
[Round "9.2"]
[White "Rossiter, Philip"]
[Black "Mullan, Brett"]
[Result "1/2-1/2"]
[WhiteElo "1947"]
[BlackElo "1923"]

1. c4 e6 2. Nc3 Nf6 3. Nf3 d5 4. d4 Nbd7 5. Bg5 Be7 6. e3 h6 7. Bh4 b6 8. Qc2
Bb7 9. Be2 a6 10. cxd5 exd5 11. O-O O-O 12. Rac1 c5 13. dxc5 bxc5 14. Rfd1 Rc8
15. Qb3 Qb6 16. Qxb6 Nxb6 17. Ne5 g5 18. Bg3 Rfd8 19. Ng4 Nxg4 20. Bxg4 Rc6 21.
Bf3 Rcc8 22. h3 f5 23. b3 Kf7 24. a4 a5 25. Nb5 Rd7 26. Bh5+ Ke6 27. Be2 Bf6
28. Kf1 Be5 29. f4 gxf4 30. Bxf4 Bxf4 31. exf4 d4 32. g4 Be4 33. gxf5+ Bxf5 34.
Bg4 Nd5 35. Nxd4+ cxd4 36. Rxc8 Ne3+ 37. Ke2 Nxg4 38. hxg4 Bxg4+ 39. Kd2 Bxd1
40. Kxd1 Rf7 41. Rc6+ Kf5 42. Rc5+ Kxf4 43. Rxa5 Rb7 44. Rh5 Rxb3 45. Rxh6 Ra3
46. Rh4+ Ke5 47. Rh5+ Kd6 48. a5 Kc6 49. Kd2 Kb7 50. Rd5 1/2-1/2

[Event "Club Championships, B Grade"]
[Site "Wellington Chess Club"]
[Date "2018.11.22"]
[Round "10.2"]
[White "Sole, Michael"]
[Black "Chen, Wei Kai"]
[Result "0-1"]
[WhiteElo "1899"]
[BlackElo "1895"]

1. e4 e5 2. Nf3 Nc6 3. d4 exd4 4. Nxd4 Bc5 5. Nb3 Bb6 6. Nc3 Nf6 7. Qe2 d6 8.
Be3 O-O 9. O-O-O Ng4 10. Nd5 Nxe3 11. Nxe3 Re8 12. Nd5 f5 13. Qd2 fxe4 14. Bc4
Be6 15. Nxb6 axb6 16. Bxe6+ Rxe6 17. Qd5 Qf6 18. Nd4 Nxd4 19. Rxd4 Ra5 20. Qc4
Rc5 21. Qa4 Qxf2 22. Rd2 Qf5 23. g4 Qf3 24. Re1 Ra5 25. Qc4 Qf7 26. Rxe4 Rxe4
27. Qxe4 Rxa2 28. Rf2 Ra1+ 29. Kd2 Qxf2+ 30. Kc3 Qf6+ 31. Kd2 Qe5 32. Qxb7 Re1
33. Qa8+ Kf7 34. Qf3+ Ke7 35. Qf2 Re4 36. c3 Qg5+ 0-1

[Event "Club Championships, B Grade"]
[Site "Wellington Chess Club"]
[Date "2018.11.22"]
[Round "10.2"]
[White "Winfield, Alan"]
[Black "Rossiter, Philip"]
[Result "0-1"]
[WhiteElo "1957"]
[BlackElo "1947"]

1. d4 Nf6 2. Bf4 b6 3. e3 Bb7 4. Nf3 e6 5. Bd3 Be7 6. Nbd2 d6 7. h3 Nbd7 8. Qe2
O-O 9. c3 Re8 10. e4 c5 11. O-O Bf8 12. e5 Nd5 13. Bg3 cxd4 14. cxd4 dxe5 15.
dxe5 Nc5 16. Bb5 Nd7 17. Ne4 a6 18. Bh4 Be7 19. Nd6 axb5 20. Nxb7 Qb8 21. Bxe7
Qxb7 22. Bd6 Nf4 23. Qe3 Ra4 24. b4 Nd5 25. Qd3 Nf4 26. Qe3 Nd5 27. Qb3 Rc8 28.
Rfc1 Raa8 29. Nd4 Rxc1+ 30. Rxc1 Rc8 31. Rxc8+ Qxc8 32. Nxb5 h6 33. a3 Qc1+ 34.
Kh2 Qf1 35. Nc7 Nf4 36. Qg3 Ne2 0-1

[Event "Club Championships, B Grade"]
[Site "Wellington Chess Club"]
[Date "2018.11.29"]
[Round "11.2"]
[White "Chen, Wei Kai"]
[Black "Winfield, Alan"]
[Result "1-0"]
[WhiteElo "1895"]
[BlackElo "1957"]

1. e4 c5 2. Nc3 g6 3. f4 Bg7 4. Nf3 Nc6 5. Bc4 e6 6. O-O Nge7 7. d3 d5 8. Bb3
O-O 9. Qe1 a6 10. a4 Rb8 11. f5 exf5 12. exd5 Nd4 13. Bg5 Nxb3 14. Bxe7 Qd7 15.
Bxf8 Nxa1 16. Bxg7 Nxc2 17. Qe5 1-0

[Event "Club Championships, B Grade"]
[Site "Wellington Chess Club"]
[Date "2018.11.29"]
[Round "11.2"]
[White "Lyall, Gordon"]
[Black "Aldridge, Alan"]
[Result "1/2-1/2"]
[WhiteElo "1854"]
[BlackElo "1892"]

1. b4 d5 2. Bb2 Bf5 3. e3 Nd7 4. Nf3 h6 5. c4 e6 6. c5 Ngf6 7. d4 Be7 8. Bd3
Bxd3 9. Qxd3 c6 10. Nbd2 O-O 11. O-O a5 12. b5 cxb5 13. Qxb5 Ne4 14. Nxe4 dxe4
15. Nd2 Nf6 16. Rab1 Qc7 17. Rfc1 Rfb8 18. Bc3 Bd8 19. Nc4 a4 20. Nb6 Ra7 21.
a3 Qc6 22. Qxc6 bxc6 23. Rb4 Bxb6 24. Rxb6 Rc8 25. Rb2 Nd5 26. Bb4 Rb7 {Draw
agreed} 1/2-1/2

[Event "Club Championships, B Grade"]
[Site "Wellington Chess Club"]
[Date "2018.11.29"]
[Round "11.2"]
[White "Rossiter, Philip"]
[Black "Sole, Michael"]
[Result "0-1"]
[WhiteElo "1947"]
[BlackElo "1899"]

1. d4 Nf6 2. c4 g6 3. Nc3 Bg7 4. Nf3 O-O 5. Bg5 d6 6. e3 c5 7. d5 e6 8. Bd3
exd5 9. cxd5 a6 10. a4 Qc7 11. Nd2 Nbd7 12. Nc4 Nb6 13. Nxb6 Qxb6 14. Qc2 Nd7
15. O-O Ne5 16. Be2 f5 17. Qd2 h6 18. Bf4 Qb4 19. e4 g5 20. Bxe5 Bxe5 21. exf5
Bxf5 22. g3 Bh3 23. a5 Bxf1 24. Ra4 Bxc3 0-1

[Event "Club Championships, B Grade"]
[Site "Wellington Chess Club"]
[Date "2018.12.06"]
[Round "12.2"]
[White "Benitez, Edgar"]
[Black "Jackson, Ross"]
[Result "1-0"]
[WhiteElo "2004"]
[BlackElo "1945"]

1. d4 d5 2. Bg5 h6 3. Bh4 g5 4. Bg3 Bg7 5. e3 c5 6. c3 Qb6 7. Qb3 Qxb3 8. axb3
cxd4 9. exd4 Nc6 10. Na3 Be6 11. Bd3 Nf6 12. Nb5 O-O 13. Nc7 Rac8 14. b4 a6 15.
Nxe6 fxe6 16. Nf3 Nh5 17. b5 axb5 18. Bxb5 Nf4 19. O-O g4 20. Nh4 e5 21. Bxf4
exf4 22. Rfe1 Rc7 23. Ng6 Rf7 24. Ra8+ Bf8 25. Re6 Kg7 26. Nxf8 Rxf8 27. Rxf8
Kxf8 28. Rxh6 Na7 29. Be2 e5 30. dxe5 d4 31. cxd4 Rc1+ 32. Bf1 Nc6 33. Rf6+ Ke7
34. Rxf4 Ke6 35. g3 Kd5 36. Kg2 Nxd4 37. Rxg4 Rb1 38. e6 Nxe6 39. Bc4+ Ke5 40.
Bxe6 Kxe6 41. Rb4 1-0

[Event "Club Championships, C Grade"]
[Site "Wellington Chess Club"]
[Date "2018.09.20"]
[Round "1.3.1"]
[White "Kibblewhite, Daniel"]
[Black "Brockway, Andrew"]
[Result "0-1"]
[WhiteElo "1468"]
[BlackElo "1867"]

1. d4 Nf6 2. c4 e6 3. Nf3 Bb4+ 4. Bd2 Qe7 5. e3 O-O 6. a3 Bxd2+ 7. Nbxd2 d6 8.
Be2 Nbd7 9. O-O e5 10. dxe5 Nxe5 11. Nxe5 dxe5 12. Qc2 c5 13. Ne4 Nxe4 14. Qxe4
f5 15. Qd5+ Kh8 16. Rad1 Rb8 17. Qd6 Qxd6 18. Rxd6 b6 19. Rfd1 Re8 20. Rd8 Be6
21. Rxb8 Rxb8 22. Rd6 Re8 23. b4 cxb4 24. axb4 g6 25. c5 bxc5 26. bxc5 Kg7 27.
c6 Kf7 28. Ba6 Ke7 29. Rd3 Rd8 30. Rc3 Bc8 31. c7 Rd6 32. Bb5 Rb6 33. Rc5 Kd6
34. Rc1 Rxb5 35. Kf1 Rc5 0-1

[Event "Club Championships, C Grade"]
[Site "Wellington Chess Club"]
[Date "2018.09.20"]
[Round "1.3.2"]
[White "Hall, Nathan"]
[Black "Stannard, Lars"]
[Result "1-0"]
[WhiteElo "1863"]
[BlackElo "1409"]

1. e4 e5 2. Nf3 d6 3. Bc4 h6 4. O-O Nf6 5. Re1 Be7 6. c3 Be6 7. Bxe6 fxe6 8.
Qb3 Qc8 9. d4 Nc6 10. Nbd2 O-O 11. Nc4 exd4 12. cxd4 d5 13. exd5 exd5 14. Nce5
Na5 15. Qb5 b6 16. Ng6 Bd6 17. Nxf8 Qxf8 18. b3 a6 19. Qd3 Nc6 20. a3 b5 21.
Ne5 Ne7 22. Re2 c5 23. Ng6 Qf7 24. Nxe7+ Bxe7 25. dxc5 Bxc5 26. Be3 Bd6 27. Bd4
Ne4 28. g3 Rf8 29. Be3 Kh8 30. Rf1 Bxa3 31. f3 Bc5 32. Bxc5 Nxc5 33. Qe3 d4 34.
Qxd4 Nxb3 35. Qb6 Qc4 36. Re4 Qd3 37. Re3 Qd2 38. Rxb3 Re8 39. Qxa6 Re2 40.
Qc8+ Kh7 41. Qf5+ Kh8 42. Qh3 b4 43. Rfb1 Re1+ 44. Rxe1 Qxe1+ 45. Qf1 Qe7 46.
Kg2 Qd6 47. Qd3 Qb6 48. Qc4 1-0

[Event "Club Championships, C Grade"]
[Site "Wellington Chess Club"]
[Date "2018.09.20"]
[Round "1.3.3"]
[White "Heyworth, Nicholas"]
[Black "He, Caleb"]
[Result "0-1"]
[WhiteElo "1368"]
[BlackElo "1823"]

1. e4 c5 2. Nc3 Nc6 3. Bb5 g6 4. Bxc6 bxc6 5. f4 Bg7 6. Nf3 d6 7. O-O e6 8. d3
Ne7 9. Qe1 Ba6 10. e5 d5 11. Na4 c4 12. Nc5 Qc8 13. Qa5 Bb7 14. dxc4 O-O 15.
Rd1 Rd8 16. cxd5 cxd5 17. Nxb7 Qxb7 18. Nd4 Rdc8 19. c3 Nc6 20. Nxc6 Rxc6 21.
Rd4 Bf8 22. Qa4 Bc5 23. Kf1 Bxd4 24. cxd4 Rac8 25. Qd1 Qb5+ 26. Kg1 Rc2 27. b3
Qe2 0-1

[Event "Club Championships, C Grade"]
[Site "Wellington Chess Club"]
[Date "2018.09.20"]
[Round "1.3.4"]
[White "Stoeveken, Peter"]
[Black "Kierstead, James"]
[Result "1-0"]
[WhiteElo "1822"]
[BlackElo "1317"]

1. d4 d5 2. Nf3 Nf6 3. Bg5 Qd6 4. c3 Nc6 5. Nbd2 e5 6. dxe5 Nxe5 7. Nxe5 Qxe5
8. Nf3 Qe6 9. Bxf6 gxf6 10. e3 Bd7 11. Bd3 O-O-O 12. Qc2 Qg4 13. Rg1 Qh5 14. h3
Bxh3 15. gxh3 Qxf3 16. Bxh7 Qxh3 17. Bf5+ Qxf5 18. Qxf5+ Kb8 19. Qxf6 Bh6 20.
Rh1 Rdg8 21. O-O-O Bg7 22. Qxg7 c6 23. Rxh8 Rxh8 24. Qxh8+ 1-0

[Event "Club Championships, C Grade"]
[Site "Wellington Chess Club"]
[Date "2018.09.20"]
[Round "1.3.6"]
[White "Farrington, Lawrence"]
[Black "Stannard, Bobby"]
[Result "1-0"]
[WhiteElo "1763"]
[BlackElo "1298"]

1. e4 e6 2. d4 d5 3. Nc3 dxe4 4. Nxe4 b6 5. Nf3 c5 6. Be3 Bb7 7. Nc3 Bxf3 8.
Qxf3 Nd7 9. Rd1 Ngf6 10. dxc5 Bxc5 11. Bxc5 bxc5 12. Bb5 O-O 13. O-O Qc7 14. h3
a6 15. Bxd7 Nxd7 16. b3 Rad8 17. Na4 h6 18. Qe3 Rfe8 19. Rd2 c4 20. Rfd1 cxb3
21. axb3 e5 22. Qe2 f6 23. Qxa6 e4 24. Qd6 Qa7 25. Qd4 Qc7 26. Qe3 Re7 27. Nc3
Rde8 28. Nd5 Qb7 29. Nxe7+ Rxe7 30. Rd4 Nb6 31. Qd2 Kh7 32. Qe3 Re6 33. Rd6
Rxd6 34. Rxd6 Nc8 35. Rd4 Qc6 36. Qxe4+ Qxe4 37. Rxe4 1-0

[Event "Club Championships, C Grade"]
[Site "Wellington Chess Club"]
[Date "2018.09.20"]
[Round "1.3.7"]
[White "Langford, Josh"]
[Black "Dixon, Hamish"]
[Result "1/2-1/2"]
[WhiteElo "1291"]
[BlackElo "1701"]

1. e4 c6 2. Nf3 d5 3. Nc3 Bg4 4. h3 Bh5 5. exd5 cxd5 6. g4 Bg6 7. h4 h5 8. Ne5
Nf6 9. Nxg6 fxg6 10. Bd3 Nxg4 11. Bxg6+ Kd7 12. Bf5+ e6 13. Bxg4 hxg4 14. Qxg4
Qa5 15. Qa4+ Nc6 16. Qxa5 Nxa5 17. d3 Rh5 18. Bg5 Bc5 19. Nb5 a6 20. d4 Be7 21.
Bxe7 Kxe7 22. Na3 Rah8 23. O-O-O Rxh4 24. Rxh4 Rxh4 25. c3 1/2-1/2

[Event "Club Championships, C Grade"]
[Site "Wellington Chess Club"]
[Date "2018.09.20"]
[Round "1.3.8"]
[White "Ashe, Michael"]
[Black "Asher, Bruce"]
[Result "1-0"]
[WhiteElo "1623"]
[BlackElo "1256"]

1. d4 d5 2. c4 dxc4 3. Nf3 Nf6 4. e3 e6 5. Bxc4 Bb4+ 6. Bd2 Nc6 7. O-O O-O 8.
Nc3 b6 9. a3 Bxc3 10. Bxc3 Bb7 11. Bd3 Re8 12. Qc2 Qd5 13. e4 Qh5 14. Rad1 e5
15. d5 Nd4 16. Nxd4 exd4 17. Bxd4 Rad8 18. Bxf6 gxf6 19. Qxc7 Rb8 20. Qf4 Re5
21. Rc1 Rd8 22. Rc7 Bxd5 23. exd5 Rexd5 24. Bc4 Rd1 25. Bxf7+ Kf8 26. Bxh5
Rxf1+ 27. Kxf1 1-0

[Event "Club Championships, C Grade"]
[Site "Wellington Chess Club"]
[Date "2018.09.27"]
[Round "2.1.2"]
[White "Winter, Ryan"]
[Black "Croad, Nicolas"]
[Result "0-1"]
[WhiteElo "2129"]
[BlackElo "2431"]

1. e4 c5 2. Nc3 Nc6 3. Nf3 Nf6 4. Bb5 Nd4 5. e5 Nxb5 6. Nxb5 Nd5 7. Ng5 f5 8.
O-O e6 9. d4 a6 10. c4 Nb4 11. Nd6+ Bxd6 12. exd6 cxd4 13. Qxd4 O-O 14. Qd2 Nc6
15. b3 b5 16. Bb2 bxc4 17. bxc4 Qe8 18. Nf3 Qg6 19. Ne5 Nxe5 20. Bxe5 Bb7 21.
f3 Rac8 22. Rab1 Ba8 23. Qd4 Bc6 24. Rb6 a5 25. Kh1 a4 26. Rfb1 Ba8 27. Qd3 Qg5
28. Qd4 f4 29. R6b5 Bc6 30. Rb6 Rf5 31. Re1 Qh4 32. Qd2 Rcf8 33. Bd4 Rh5 34.
Bg1 Qd8 35. Reb1 e5 36. Qe1 Qa8 37. Qf2 e4 38. fxe4 Bxe4 39. Re1 Rg5 40. Rxe4
Qxe4 41. Rb5 Rxb5 42. cxb5 f3 43. gxf3 Rxf3 44. Qg2 Rf4 45. Qxe4 Rxe4 46. b6
Kf7 47. Bc5 Re1+ 48. Kg2 Rb1 49. Kf3 Rb5 50. Bd4 Ke6 0-1